Gaming Quiz

Random Gaming or Mario Quiz
Score 0/22 Timer 12:00
0 Plays Today
Time Game % Correct
0:00 - 0:17Super Mario World
83.3%
0:57 - 1:16Super Smash Bros. Brawl
75.6%
4:21 - 4:42Pokemon Red/Blue/Yellow
63.3%
3:43 - 4:05Super Mario 64
50.6%
2:49 - 3:05Splatoon 2
48.7%
0:18 - 0:38Donkey Kong Country Returns
48%
1:36 - 2:02Earthbound
45.6%
3:06 - 3:25Metroid Prime 2: Echoes
45.2%
3:26 - 3:42Kirby's Dream Land
42.2%
6:50 - 7:16The Legend of Zelda: Ocarina of Time
41.7%
0:39 - 0:56Pokemon Gold/Silver/Crystal
39.8%
Time Game % Correct
2:18 - 2:33Star Fox 64
32.6%
2:03 - 2:17Nintendo Land
29.8%
1:17 - 1:35Mario Kart: Double Dash!!
29.1%
4:43 - 5:04Fire Emblem: Three Houses
28.3%
5:05 - 5:25Donkey Kong 64
22.6%
5:26 - 5:47Super Mario Bros. 2
21.3%
6:34 - 6:49Golden Sun: The Lost Age
9.3%
4:06 - 4:20Punch Out!!
8.1%
5:48 - 6:09F-Zero GX
8%
6:10 - 6:33Arms
7.8%
2:34 - 2:48Wario Land 3
6.3%
Remove Ads.
Support Sporcle.
Get the best of Sporcle when you Go Orange. This ad-free experience offers more features, more stats, and more fun while also helping to support Sporcle. Thank you for becoming a member.

You're not logged in!

Compare scores with friends on all Sporcle quizzes.
OR
Log In

Sporcle TV

Today on Sporcle TV


Watch our educational content, quiz creation guides, and fun videos on Sporcle TV.

Show Comments

Extras

Top Quizzes Today


Score Distribution

Paid Content

Your Account Isn't Verified!

In order to create a playlist on Sporcle, you need to verify the email address you used during registration. Go to your Sporcle Settings to finish the process.

Report this User

Report this user for behavior that violates our Community Guidelines.

Details: